Statistics for All MBTA (Massachusetts Bay Transportation Authority) Stops

Click here to take the quiz!

General Stats

  • This quiz has been taken 289 times
    (132 since last reset)
  • The average score is 81 of 154

Answer Stats

HintAnswer% Correct
Red LineHarvard
93%
Red Line (Braintree)Braintree
88%
Red LineKendall/MIT
88%
Red Line (Ashmont)Ashmont
86%
Blue LineAirport
80%
Green Line "B"Boston College
80%
Red Line (Mattapan)Mattapan
79%
Red LineCharles/MGH
78%
Orange Line | Red LineDowntown Crossing
76%
Green Line "B" | Green Line "C" | Green Line "D" | +2 othersPark Street
76%
Green Line "D"Fenway
75%
Red LineAlewife
74%
Red Line (Mattapan)Central Avenue
74%
Green Line "B"South Street
74%
Red LineJFK/UMass
73%
Green Line "D" | Green Line "E" | Orange LineNorth Station
73%
Red LineDavis
72%
Green Line "E"Medford/Tufts
72%
Red LineSouth Station
72%
Blue LineWonderland
71%
Red LineCentral
69%
Green Line "B" | Green Line "C" | Green Line "D" | Green Line "E"Copley
69%
Blue LineAquarium
68%
Green Line "B" | Green Line "C" | Green Line "D" | Green Line "E"Arlington
68%
Orange LineBack Bay
68%
Blue Line | Green Line "B" | Green Line "C" | +2 othersGovernment Center
68%
Green Line "D" | Green Line "E" | Orange LineHaymarket
68%
Green Line "B" | Green Line "C" | Green Line "D"Kenmore
67%
Orange LineTufts Medical Center
67%
Blue LineRevere Beach
66%
Red LinePorter
65%
Orange LineChinatown
62%
Blue Line | Orange LineState
62%
Green Line "B" | Green Line "C" | Green Line "D" | Green Line "E"Boylston
61%
Green Line "D" | Green Line "E"Lechmere
61%
Green Line "B" | Green Line "C" | Green Line "D"Hynes Convention Center
60%
Green Line "D"Riverside
60%
Blue LineBowdoin
59%
Blue LineMaverick
58%
Green Line "E"Northeastern University
58%
Orange LineOak Grove
58%
Orange LineAssembly
56%
Orange LineForest Hills
56%
Orange LineMalden Center
56%
Green Line "E"Symphony
56%
Green Line "B"Boston University East
55%
Orange LineMassachusetts Avenue
55%
Green Line "E"Prudential
55%
Green Line "E"Heath Street
54%
Red Line (Braintree)Quincy Center
54%
Green Line "C"Coolidge Corner
53%
Red Line (Braintree)Quincy Adams
53%
Green Line "D"Union Square
53%
Green Line "B"Boston University Central
52%
Green Line "C"Cleveland Circle
52%
Red LineAndrew
49%
Red LineBroadway
49%
Orange LineCommunity College
49%
Red Line (Braintree)Wollaston
49%
Green Line "D"Brookline Village
48%
Green Line "D"Longwood
48%
Green Line "E"Longwood Medical Area
48%
Orange LineRuggles
48%
Red Line (Braintree)North Quincy
47%
Orange LineSullivan Square
47%
Green Line "E"Museum of Fine Arts
46%
Green Line "D" | Green Line "E"Science Park
46%
Orange LineWellington
46%
Green Line "E"Back of the Hill
45%
Blue LineOrient Heights
45%
Red Line (Ashmont)Savin Hill
45%
Blue LineSuffolk Downs
45%
Green Line "D"Waban
45%
Orange LineGreen Street
44%
Orange LineRoxbury Crossing
44%
Green Line "D"Chestnut Hill
42%
Green Line "B"Chestnut Hill Avenue
42%
Green Line "D"Reservoir
42%
Green Line "D"Newton Centre
41%
Green Line "B"Babcock Street
39%
Orange LineJackson Square
39%
Blue LineBeachmont
38%
Green Line "D"Newton Highlands
38%
Blue LineWood Island
38%
Green Line "B"Blandford Street
36%
Green Line "D"Brookline Hills
36%
Green Line "B"Harvard Avenue
36%
Green Line "E"Magoun Square
36%
Red Line (Mattapan)Milton
36%
Red Line (Ashmont)Shawmut
36%
Orange LineStony Brook
36%
Green Line "E"Brigham Circle
35%
Green Line "B"Washington Street
35%
Green Line "B"Amory Street
34%
Green Line "C"St. Mary's Street
34%
Green Line "B"Allston Street
33%
Green Line "E"Ball Square
33%
Green Line "E"East Somerville
33%
Green Line "B"Packards Corner
33%
Green Line "E"Riverway
33%
Green Line "D"Woodland
33%
Green Line "D"Eliot
32%
Green Line "B"Griggs Street
32%
Green Line "C"St. Paul Street
32%
Red Line (Ashmont)Fields Corner
31%
Green Line "D"Beaconsfield
29%
Red Line (Mattapan)Butler
29%
Green Line "E"Gilman Square
29%
Green Line "E"Mission Park
28%
Green Line "E"Fenwood Road
27%
Red Line (Mattapan)Capen Street
26%
Red Line (Mattapan)Cedar Grove
26%
Green Line "C"Dean Road
26%
Green Line "B"Sutherland Road
26%
Green Line "C"Tappan Street
26%
Green Line "C"Washington Square
26%
Green Line "C"Brandon Hall
25%
Green Line "B"Chiswick Road
25%
Green Line "B"Warren Street
25%
Green Line "C"Englewood Avenue
24%
Green Line "C"Hawes Street
24%
Green Line "C"Summit Avenue
24%
Red Line (Mattapan)Valley Road
24%
Green Line "C"Kent Street
22%
Green Line "C"Fairbanks Street
21%

Score Distribution

Percentile by Number Answered

Percent of People with Each Score

Your Score History

You have not taken this quiz since the last reset